IDEOLOGIA, VERDAD Y LEGITIMACION/

BIBLIOGRAFIA: (333-354)

Shranjeno v:
Bibliografske podrobnosti
Glavni avtor: Guariglia, Osvaldo (autor)
Format: Knjiga
Serija:SECCION DE OBRAS DE FILOSOFIA
Teme:
Oznake: Označite
Brez oznak, prvi označite!

MARC

LEADER 00000nam^a2200000^a^4500
001 000215687
005 20250521000000.0
009 20260310103634.56
020 |a 950-557-185-2 
035 |a 040290 
037 |a Acervo Xavier Clavigero 
082 |a 121.  |b GUA 
100 |a Guariglia, Osvaldo  |e (autor) 
245 1 0 |a IDEOLOGIA, VERDAD Y LEGITIMACION/  |c OSVALDO GUARIGLIA 
264 |a BUENOS AIRES :  |b FONDO DE CULTURA ECONOMICA,  |c 1993 
300 |a 365p. 
336 |a texto  |b txt  |2 rdacontenido 
337 |a sin mediación  |b n  |2 rdamedio 
338 |a volumen  |b nc  |2 rdasoporte 
440 |a SECCION DE OBRAS DE FILOSOFIA 
520 |a BIBLIOGRAFIA: (333-354) 
520 |a INDICES 
649 |a XX 
650 |a Epistemología 
650 |a Ideología 
650 |a Ciencias Sociales 
910 |a Fondo General 
920 |a Impresos - Libros 
930 |a Colección General 
905 |a 101 
901 |a 040290  |b IT1  |c ACC  |i 040290  |u 20250521 
902 |a https://opac.biblio.iteso.mx/vufind/Record/000215687